00957nam a22002535i 4500001000700000003000900007005001700016008004100033020001800074080003900092080002300131245006500154260003600219300002200255490004800277504003200325600007900357700003200436830006300468852002200531942000800553999001900561952012300580176479ES-MaACL20240512063038.0110118s1973 sp |||| | spa d a84-306-2062-1 a821.134.2 Pérez Galdós, Benito a821.134.2-3.09"18"00aBenito Pérez Galdós / cedición de Douglass M. Rogers. aMadrid : bTaurus, cimp. 1973. a485 p. ; c21 cm.1 aPersiles ; v62aEl escritor y la crítica aBibliografía: p. 483-485.14aPérez Galdós, Benito,d1843-1920-xCrítica e interpretación9908751 aRogers, Douglass M.91447950 aPersiles. pSerie el escritor y la crítica ;v629187530 aES-MaACLjE-14082 2udc c176479d176479 00104070aATENEOMbATENEOMcDEPO2d2011-01-18eDONl0oE-14082p1185340r2023-02-23 00:00:00w2023-02-23yMONOGRAFIA